Category Cracker: Literature Quiz Stats

 Plays Quiz Updated May 23, 2019

Score 0/42 Timer 07:00
14 Plays Today
Category Answer % Correct
CATEGORY 1Harry Potter and the...
100%
CATEGORY 1Sorcerer's Stone [A]
94.4%
CATEGORY 1Prisoner of Azkaban [M]
91.7%
CATEGORY 1Goblet of Fire [I]
91.7%
CATEGORY 1Deathly Hallows [E]
91.2%
CATEGORY 1Chamber of Secrets [A]
90.8%
CATEGORY 1Half-Blood Prince [N]
90.5%
CATEGORY 1Order of the Phoenix [L]
90%
CATEGORY 2The House at Pooh Corner Friends
82.3%
CATEGORY 2Winnie-the-Pooh [S]
80.1%
CATEGORY 2Tigger [E]
79.8%
CATEGORY 2Eeyore [R]
79.4%
CATEGORY 2Piglet [E]
79.3%
CATEGORY 2Christopher Robin [T]
78.1%
CATEGORY 2Roo [I]
77.8%
CATEGORY 2Owl [G]
77.3%
CATEGORY 2Kanga [A]
77.2%
CATEGORY 2Rabbit [D]
76.9%
CATEGORY 3Shakespeare Tragedies
74.2%
CATEGORY 3Romeo and Juliet [C]
73.4%
CATEGORY 3Hamlet [D]
73%
Category Answer % Correct
CATEGORY 3Othello [I]
71.2%
CATEGORY 3Macbeth [T]
71%
CATEGORY 3King Lear [N]
69.1%
CATEGORY 3Julius Caesar [E]
63.8%
CATEGORY 3Antony and Cleopatra [G]
61%
CATEGORY 3Titus Andronicus [E]
58.6%
CATEGORY 3Coriolanus [O]
57.4%
CATEGORY 3Timon of Athens [K]
55.7%
CATEGORY 3Troilus and Cressida [T]
54%
CATEGORY 3Cymbeline [L]
52.1%
CATEGORY 4Wonka Children
51%
CATEGORY 4Charlie Bucket [R]
50.3%
CATEGORY 4Violet Beauregarde [E]
48.7%
CATEGORY 4Veruca Salt [Y]
48.2%
CATEGORY 4Augustus Gloop [M]
48%
CATEGORY 4Mike Teavee [E]
47.8%
CATEGORY 5Twilight Novels
46.2%
CATEGORY 5Twilight [D]
43.2%
CATEGORY 5New Moon [O]
42.1%
CATEGORY 5Breaking Dawn [E]
42%
CATEGORY 5Eclipse [N]
40.9%

You're not logged in!

Compare scores with friends on all Sporcle quizzes.
OR
Log In

Sporcle TV

Today on Sporcle TV


Watch our educational content, quiz creation guides, and fun videos on Sporcle TV.

Show Comments

Extras

Top Quizzes Today


Score Distribution

Your Account Isn't Verified!

In order to create a playlist on Sporcle, you need to verify the email address you used during registration. Go to your Sporcle Settings to finish the process.

Report this User

Report this user for behavior that violates our Community Guidelines.

Details: